Ricostruisci la Carriera del Calciatore - Papu Gomez - Statistics

Statistiche generali
  • Questo quiz è stato fatto 11 volte
  • Il punteggio medio è 4 su 7
Statistiche sulle risposte
Hint Risposta % Corretto
2014-2021 Atalanta
89%
2010-2013 Catania
78%
2021-2023 Siviglia
78%
2013-2014 Metalist
67%
2023- Monza
67%
2009-2010 San Lorenzo
44%
2005-2009 Arsenal
22%
Nessun quiz corrispondente trovato
Distribuzione punteggi
Percentuale di utenti per punteggio
Percentile per numero di risposta
I tuoi punteggi nel tempo
Non hai fatto questo quiz